| 000 | 00502nam a2200121Ia 4500 | ||
|---|---|---|---|
| 008 | 171212s9999 xx 000 0 und d | ||
| 020 | _a9780833027658 | ||
| 100 | _aTimpane, Michael;Brewer, Dominic;Gill, Brian;Ross, Karen | ||
| 245 |
_cTimpane, Michael;Brewer, Dominic;Gill, Brian;Ross, Karen _aRhetoric vs. Reality _bWhat We Know and What We Need To Know About Vouchers and Charter Schools |
||
| 260 |
_bRAND Corporation _c2001 |
||
| 650 | _aEducation | ||
| 856 | _uwww.jstor.org/stable/10.7249/mr1118edu | ||
| 999 |
_c352506 _d352506 |
||